| 000 | 00000nam##2200000za#4500 |
| 001 | 9.616090 |
| 003 | CaOODSP |
| 005 | 20210615101422 |
| 007 | ta |
| 008 | 150406|2002||||xxc||||| f|0| 0 eng|d |
| 020 | |a0-662-32851-5 |
| 040 | |aCaOODSP|beng |
| 043 | |an-cn--- |
| 086 | 1 |aH113-7/2002-5E |
| 110 | 1 |aCanada. |bPest Management Regulatory Agency. |
| 245 | 10|aAcetamiprid, Assail Brand 70 WP insecticide, Chipco Brand Tristar 70 WSP insecticide, Pristine Brand RTU insecticide |
| 260 | |aOttawa - Ontario : |bHealth Canada. |c2002. |
| 300 | |a114p. : |btables ; |c28 cm. |
| 490 | 1 |aRegulatory note |vREG 2002-05 |
| 520 | 3 |aThis Regulatory Note provides a summary of material reviewed and the rationale for the regulatory decision for these products. |
| 563 | |aSoftcover |
| 590 | |a03-02|b2003-01-10 |
| 690 | 07|aParasites|2gcpds |
| 690 | 07|aRegulations|2gcpds |
| 775 | 08|tAcétamipride, insecticide Assail Brand 70 WP, insecticide Chipco Brand Tristar 70 WSP, insecticide Pristine Brand RTU |w(CaOODSP)9.626012 |
| 830 | #0|aRegulatory note ;|vREG 2002-05|w(CaOODSP)9.514702 |